|
|
|
|
| LEADER |
00903cam a2200253 7i4500 |
| 001 |
0000015542 |
| 005 |
20050517090000.0 |
| 022 |
0 |
0 |
|a 0075-6717
|
| 090 |
0 |
0 |
|a SWTZ 338.7025
|b KOM
|
| 245 |
0 |
0 |
|a Kompass :
|b Switzerland/ Liechtenstein 2004/ 2005.
|
| 250 |
0 |
0 |
|a 54th ed.
|
| 260 |
0 |
0 |
|a Zurich:
|b Kompass Schweiz Verlag AG,
|c 2004.
|
| 300 |
# |
# |
|a [v.p].
|
| 500 |
0 |
0 |
|a Company information
|
| 500 |
0 |
0 |
|a Products & services
|
| 650 |
0 |
0 |
|a Business --
|x Directories --
|z Switzerland
|
| 650 |
0 |
0 |
|a Business --
|x Directories --
|z Liechtenstein
|
| 650 |
0 |
0 |
|a Importers --
|x Directories --
|z Switzerland
|
| 650 |
0 |
0 |
|a Importers --
|x Directories --
|z Liechtenstein
|
| 650 |
0 |
0 |
|a Exporters --
|x Directories --
|z Switzerland
|
| 650 |
0 |
0 |
|a Exporters --
|x Directories --
|z Liechtenstein
|
| 651 |
0 |
0 |
|a Switzerland
|
| 651 |
0 |
0 |
|a Liechtenstein
|
| 999 |
|
|
|a PNG000240B
|b Directories
|c Countries
|e MATRADE Northern Regional Office
|